Brasil : Museum de Arte-Assis Chateaubriand, Sâo Paulo /

Muestra de cinco obras de la colección del Museo de Arte de Sâo Paulo, Brasil. Precedida por una presentación del museo, la selección está integrada por piezas de Rembrandt, Monet, Toulouse-Lautrec, Van Gogh y Maurice Utrillo.

Guardado en:
Detalles Bibliográficos
Formato: Libro
Idioma:Español
Colección:(Galería Mundi: Una Gira por los Museos ; 6)
Temas:
Etiquetas: Agrega una etiqueta
Sin etiquetas, Sé el primero en etiquetar este registro!

MARC

LEADER 00000nam^a2200000^a^4500
001 000102414
005 20250521000000.0
009 20260526122101.986
037 |a Acervo ITESO - Biblioteca 
041 |a ESP 
082 |a 708. 9  |b GAL V. 6 
240 1 1 |a [Galería Mundi: una gira por los museos] 
245 1 0 |a Brasil :  |b Museum de Arte-Assis Chateaubriand, Sâo Paulo / 
264 |a México :  |b Química Hoechst,  |c 1984 
300 |a 14 p. 
336 |a texto  |b txt  |2 rdacontenido 
337 |a sin mediación  |b n  |2 rdamedio 
338 |a volumen  |b nc  |2 rdasoporte 
440 1 |a (Galería Mundi: Una Gira por los Museos ;  |v 6) 
520 |a Muestra de cinco obras de la colección del Museo de Arte de Sâo Paulo, Brasil. Precedida por una presentación del museo, la selección está integrada por piezas de Rembrandt, Monet, Toulouse-Lautrec, Van Gogh y Maurice Utrillo. 
649 |a XX 
650 |a Museos y Galerías -  |z São Paulo, Brasil 
650 |a Pintura Barroca -  |x Historia y Crítica 
650 |a Pintura Moderna 
650 |a Pintura Holandesa 
650 |a Pintura Francesa 
650 |a Pintura -  |x Colecciones 
650 |a Arte Barroco 
650 |a Impresionismo 
650 |a Postimpresionismo 
650 |a Arte Moderno 
650 |a Arte Holandés 
650 |a Arte Francés 
650 |a Arte -  |x Colecciones 
910 |a Fondo Jesús Rodríguez 
920 |a Impresos - Libros 
930 |a Fondos Especiales 
905 |a 113 
901 |a 0500038132  |b IT2  |c ESP  |u 20250521 
902 |a https://opac.biblio.iteso.mx/vufind/Record/000102414